000 00294nam a22001337a 4500
020 _a978-0-419-22690-1
041 _aENG
100 _aWooiiet .T
245 _aGreen Building Handbook Vol 1
260 _aNew Yory
_bGreen Building Digest
_c1997
300 _a216
650 _aFS
856 _uFS
999 _c782
_d782